Who will cry when you die? : life lessons from the monk who sold his Ferrari (Record no. 57357)
[ view plain ]
| 000 -LEADER | |
|---|---|
| fixed length control field | 00693nam a2200241Ia 4500 |
| 005 - DATE AND TIME OF LATEST TRANSACTION | |
| control field | 20260704175957.0 |
| 008 - FIXED-LENGTH DATA ELEMENTS--GENERAL INFORMATION | |
| fixed length control field | 260704s9999||||xx |||||||||||||| ||und|| |
| 020 ## - INTERNATIONAL STANDARD BOOK NUMBER | |
| International Standard Book Number | 8179922324 |
| Qualifying information | pbk |
| 020 ## - INTERNATIONAL STANDARD BOOK NUMBER | |
| International Standard Book Number | 9788179922323 |
| Qualifying information | pbk |
| 082 ## - DEWEY DECIMAL CLASSIFICATION NUMBER | |
| Classification number | 158.1 |
| Item number | SHA |
| 100 ## - MAIN ENTRY--PERSONAL NAME | |
| Personal name | Sharma, Robin |
| 245 #0 - TITLE STATEMENT | |
| Title | Who will cry when you die? : life lessons from the monk who sold his Ferrari |
| 250 ## - EDITION STATEMENT | |
| Edition statement | 1st imp. 2003 ; 83rd imp. 2015 |
| 260 ## - PUBLICATION, DISTRIBUTION, ETC. | |
| Place of publication, distribution, etc. | Mumbai |
| Name of publisher, distributor, etc. | Jaico Publishing House |
| Date of publication, distribution, etc. | 2003 |
| 300 ## - PHYSICAL DESCRIPTION | |
| Extent | xx, 225p. ; 17cm. |
| 653 ## - INDEX TERM--UNCONTROLLED | |
| Uncontrolled term | Conduct of life |
| 653 ## - INDEX TERM--UNCONTROLLED | |
| Uncontrolled term | Motivation (Psychology) |
| 653 ## - INDEX TERM--UNCONTROLLED | |
| Uncontrolled term | Quality of life |
| 653 ## - INDEX TERM--UNCONTROLLED | |
| Uncontrolled term | Self-realization |
| 653 ## - INDEX TERM--UNCONTROLLED | |
| Uncontrolled term | Success |
| 653 ## - INDEX TERM--UNCONTROLLED | |
| Uncontrolled term | Success |
| 942 ## - ADDED ENTRY ELEMENTS (KOHA) | |
| Koha item type | Book |
| Withdrawn status | Lost status | Damaged status | Not for loan | Home library | Current library | Shelving location | Date acquired | Source of acquisition | Total Checkouts | Full call number | Barcode | Date last seen | Price effective from | Koha item type |
|---|---|---|---|---|---|---|---|---|---|---|---|---|---|---|
| LRC, IIT Indore | LRC, IIT Indore | 3rd Floor - General Stack | 04/07/2026 | Gratis Book Price: INR 175.00 | 158.1 SHA | G2582 | 04/07/2026 | 04/07/2026 | Book |
